Education and training for development in East Asia (Record no. 12281)
[ view plain ]
| 000 -LEADER | |
|---|---|
| fixed length control field | 01473nam a2200349 a 4500 |
| 082 04 - DEWEY DECIMAL CLASSIFICATION NUMBER | |
| Classification number | 370.11/3/095 |
| 245 00 - TITLE STATEMENT | |
| Title | Education and training for development in East Asia |
| 260 ## - PUBLICATION, DISTRIBUTION, ETC. (IMPRINT) | |
| Place of publication | London ; |
| -- | New York : |
| Name of publisher | Routledge, |
| Year of publication | 1999. |
| 300 ## - PHYSICAL DESCRIPTION | |
| Number of Pages | 185 p. |
| 490 1# - SERIES STATEMENT | |
| Series statement | ESRC Pacific Asia Programme |
| 650 #0 - SUBJECT ADDED ENTRY--TOPICAL TERM | |
| Topical Term | Education |
| Topical Term | Vocational education |
| Topical Term | Occupational training |
| Topical Term | Economic development |
| 700 1# - ADDED ENTRY--PERSONAL NAME | |
| Personal name | Ashton, David. |
| 856 40 - ELECTRONIC LOCATION AND ACCESS | |
| Uniform Resource Identifier | http://site.ebrary.com/lib/rucke/Doc?id=10017613 |
No items available.
